00206 a2200097 4500245003300000100001700033650001500050005001700065084000900082999001700091 aTHE MERCHANT OF VENICEhText aBERNARD LOTT aliterature20191021095126.0 aNONE c11848d11848